000 00416pab a2200157 454500
008 180718b2015 xxu||||| |||| 00| 0 eng d
100 _aOommen, T.K.
245 _aRadhakamal Mukerjee on social ecology: filling up some blanks
260 _c2015
300 _aP.15-35.
362 _aJan-Apr
650 _aMukerjee, Radhakamal
650 _aSocial systems
773 _aSociological Bulletin
909 _a108433
999 _c108428
_d108428